A report on aquaculture in Cambodia

保存先:
書誌詳細
第一著者: Nandeesha, M. C.
フォーマット: 図書
言語:Undetermined
出版事項: India University of Agricultural Sciences 1991
主題:
タグ: タグ追加
タグなし, このレコードへの初めてのタグを付けませんか!
Thư viện lưu trữ: Trung tâm Học liệu Trường Đại học Cần Thơ
LEADER 00529nam a2200181Ia 4500
001 CTU_150584
008 210402s9999 xx 000 0 und d
082 |a 639.31 
082 |b N175 
100 |a Nandeesha, M. C. 
245 2 |a A report on aquaculture in Cambodia 
245 0 |c M. C. Nandeesha 
260 |a India 
260 |b University of Agricultural Sciences 
260 |c 1991 
650 |a Aquaculture,Nuôi trồng thủy sản 
904 |i Trọng Hải 
980 |a Trung tâm Học liệu Trường Đại học Cần Thơ